[Event "Stay Safe Play From Home 391"]
[Site "Emanuel Lasker Arena"]
[Date "2020.08.18"]
[Round "7"]
[White "IceQueen"]
[Black "AChessPlayer"]
[Result "1-0"]
[WhiteElo "2325"]
[BlackElo "2376"]
[PlyCount "97"]
[EventDate "2020.08.18"]
[EventType "swiss (blitz)"]

1. e4 {[%emt 0:00:01]} c6 {[%emt 0:00:01]} 2. Nc3 {[%emt 0:00:00]} d5 {[%emt 0:00:00]} 3. d4 {[%emt 0:00:00]} dxe4 {[%emt 0:00:01]} 4. Nxe4 {[%emt 0:00:00]} Nf6 {[%emt 0:00:00]} 5. Nxf6+ {[%emt 0:00:00]} exf6 {[%emt 0:00:00]} 6. c3 {[%emt 0:00:00]} Bd6 {[%emt 0:00:00]} 7. Bd3 {[%emt 0:00:00]} O-O {[%emt 0:00:00]} 8. Ne2 {[%emt 0:00:00]} Re8 {[%emt 0:00:00]} 9. Qc2 {[%emt 0:00:00]} h5 {[%emt 0:00:01]} 10. O-O {[%emt 0:00:01]} Nd7 {[%emt 0:00:00]} 11. Be3 {[%emt 0:00:01]} Nf8 {[%emt 0:00:00]} 12. Rfe1 {[%emt 0:00:01]} Be6 {[%emt 0:00:01]} 13. Rad1 {[%emt 0:00:02]} Qc7 {[%emt 0:00:01]} 14. h3 {[%emt 0:00:00]} Qd7 {[%emt 0:00:00]} 15. Nf4 {[%emt 0:00:03]} Qc7 {[%emt 0:00:04]} 16. Nxh5 {[%emt 0:00:01]} Rad8 {[%emt 0:00:06]} 17. c4 {[%emt 0:00:01]} c5 {[%emt 0:00:02]} 18. d5 {[%emt 0:00:02]} Bd7 {[%emt 0:00:01]} 19. Qd2 {[%emt 0:00:02]} Ng6 {[%emt 0:00:03]} 20. b3 {[%emt 0:00:04]} Bf8 {[%emt 0:00:01]} 21. Qc2 {[%emt 0:00:01]} Ne5 {[%emt 0:00:01]} 22. Be4 {[%emt 0:00:03]} Qd6 {[%emt 0:00:02]} 23. Ng3 {[%emt 0:00:01]} g6 {[%emt 0:00:01]} 24. f4 {[%emt 0:00:01]} Nxc4 {[%emt 0:00:03]} 25. bxc4 {[%emt 0:00:00]} f5 {[%emt 0:00:01]} 26. Bf3 {[%emt 0:00:01]} Rxe3 {[%emt 0:00:03]} 27. Rxe3 {[%emt 0:00:01]} Qxf4 {[%emt 0:00:00]} 28. Nf1 {[%emt 0:00:00]} Bg7 {[%emt 0:00:00]} 29. Kh1 {[%emt 0:00:03]} Bd4 {[%emt 0:00:02]} 30. Re2 {[%emt 0:00:02]} Qd6 {[%emt 0:00:04]} 31. Qd2 {[%emt 0:00:01]} Bf6 {[%emt 0:00:00]} 32. Qh6 {[%emt 0:00:01]} Bg7 {[%emt 0:00:01]} 33. Qh4 {[%emt 0:00:01]} Bf6 {[%emt 0:00:00]} 34. Qf2 {[%emt 0:00:01]} Kg7 {[%emt 0:00:01]} 35. Rde1 {[%emt 0:00:01]} Rh8 {[%emt 0:00:00]} 36. Qg3 {[%emt 0:00:00]} f4 {[%emt 0:00:01]} 37. Qf2 {[%emt 0:00:01]} Bxh3 {[%emt 0:00:02]} 38. gxh3 {[%emt 0:00:00]} Rxh3+ {[%emt 0:00:00]} 39. Nh2 {[%emt 0:00:00]} Rg3 {[%emt 0:00:01]} 40. Rg1 {[%emt 0:00:01]} Bd4 {[%emt 0:00:00]} 41. Rxg3 {[%emt 0:00:05]} Bxf2 {[%emt 0:00:01]} 42. Rg2 {[%emt 0:00:00]} Bg3 {[%emt 0:00:01]} 43. Nf1 {[%emt 0:00:01]} Qf6 {[%emt 0:00:00]} 44. Nxg3 {[%emt 0:00:01]} fxg3 {[%emt 0:00:00]} 45. Rxg3 {[%emt 0:00:00]} Qh4+ {[%emt 0:00:00]} 46. Kg2 {[%emt 0:00:00]} Qxc4 {[%emt 0:00:01]} 47. Rd2 {[%emt 0:00:01]} Qc3 {[%emt 0:00:01]} 48. Rd1 {[%emt 0:00:01]} Qc1 {[%emt 0:00:01]} 49. Rxc1 {[%emt 0:00:02] AChessPlayer resigns AChessPlayer resigns AChessPlayer resigns (Lag: Av=0.52s, max=1.0s) (Lag: Av=0.52s, max=1.0s) (Lag: Av=0.52s, max=1.0s)} 1-0

[Event "Stay Safe Play From Home 391"]
[Site "Emanuel Lasker Arena"]
[Date "2020.08.18"]
[Round "7"]
[White "Padmaesh M K"]
[Black "Mepe_Nika"]
[Result "0-1"]
[WhiteElo "1973"]
[BlackElo "2419"]
[PlyCount "64"]
[EventDate "2020.08.18"]
[EventType "swiss (blitz)"]

1. e4 {[%emt 0:00:01]} c6 {[%emt 0:00:01]} 2. Nf3 {[%emt 0:00:01]} d5 {[%emt 0:00:00]} 3. exd5 {[%emt 0:00:00]} cxd5 {[%emt 0:00:01]} 4. d4 {[%emt 0:00:00]} Nc6 {[%emt 0:00:01]} 5. c4 {[%emt 0:00:01]} Nf6 {[%emt 0:00:02]} 6. Nc3 {[%emt 0:00:02]} g6 {[%emt 0:00:02]} 7. cxd5 {[%emt 0:00:01]} Nxd5 {[%emt 0:00:01]} 8. Bc4 {[%emt 0:00:00]} Nxc3 {[%emt 0:00:01]} 9. bxc3 {[%emt 0:00:00]} Bg7 {[%emt 0:00:02]} 10. O-O {[%emt 0:00:01]} O-O {[%emt 0:00:00]} 11. Bf4 {[%emt 0:00:01]} Bg4 {[%emt 0:00:01]} 12. h3 {[%emt 0:00:01]} Bxf3 {[%emt 0:00:01]} 13. Qxf3 {[%emt 0:00:01]} Rc8 {[%emt 0:00:01]} 14. Rab1 {[%emt 0:00:02]} Nxd4 {[%emt 0:00:02]} 15. cxd4 {[%emt 0:00:02]} Rxc4 {[%emt 0:00:01]} 16. Rxb7 {[%emt 0:00:01]} Qxd4 {[%emt 0:00:01]} 17. Rxe7 {[%emt 0:00:02]} Qxf4 {[%emt 0:00:01]} 18. Qxf4 {[%emt 0:00:02]} Rxf4 {[%emt 0:00:00]} 19. Rxa7 {[%emt 0:00:01]} Rc8 {[%emt 0:00:02]} 20. g3 {[%emt 0:00:01]} Rf3 {[%emt 0:00:02]} 21. Kg2 {[%emt 0:00:01]} Rfc3 {[%emt 0:00:01]} 22. a4 {[%emt 0:00:02]} Rc2 {[%emt 0:00:01]} 23. a5 {[%emt 0:00:01]} Ra2 {[%emt 0:00:01]} 24. Re1 {[%emt 0:00:04]} Bc3 {[%emt 0:00:02]} 25. Ree7 {[%emt 0:00:02]} Rf8 {[%emt 0:00:01]} 26. a6 {[%emt 0:00:01]} Bd4 {[%emt 0:00:00]} 27. Rad7 {[%emt 0:00:02]} Bxf2 {[%emt 0:00:01]} 28. Kf3 {[%emt 0:00:03]} Bc5 {[%emt 0:00:01]} 29. a7 {[%emt 0:00:02]} Bxe7 {[%emt 0:00:01]} 30. Rxe7 {[%emt 0:00:01]} Ra8 {[%emt 0:00:01]} 31. Rb7 {[%emt 0:00:03]} R2xa7 {[%emt 0:00:01]} 32. Rb8+ {[%emt 0:00:00]} Rxb8 {[%emt 0:00:01] Padmaesh M K resigns Padmaesh M K resigns Padmaesh M K resigns (Lag: Av=0.51s, max=1.1s) (Lag: Av=0.51s, max=1.1s) (Lag: Av=0.51s, max=1.1s)} 0-1

[Event "Stay Safe Play From Home 391"]
[Site "Emanuel Lasker Arena"]
[Date "2020.08.18"]
[Round "7"]
[White "Stefanone"]
[Black "MihailoVujic"]
[Result "0-1"]
[WhiteElo "1969"]
[BlackElo "2124"]
[Annotator "NA"]
[PlyCount "40"]
[EventDate "2020.08.18"]
[EventType "swiss (blitz)"]

1. d4 {[%emt 0:00:03]} e5 {[%emt 0:00:00]} 2. e3 {[%emt 0:00:00]} exd4 {[%emt 0:00:01]} 3. exd4 {[%emt 0:00:00]} d5 {[%emt 0:00:01]} 4. c3 {[%emt 0:00:00]} Nf6 {[%emt 0:00:01]} 5. f4 {[%emt 0:00:00]} Bd6 {[%emt 0:00:00]} 6. Nf3 {[%emt 0:00:00]} Ne4 {[%emt 0:00:00]} 7. Ne5 {[%emt 0:00:01]} O-O {[%emt 0:00:01]} 8. Bd3 {[%emt 0:00:01]} Qh4+ {[%emt 0:00:01]} 9. g3 {[%emt 0:00:03]} Nxg3 {[%emt 0:00:01]} 10. Rg1 {[%emt 0:00:02]} Ne4+ {[%emt 0:00:02]} 11. Rg3 {[%emt 0:00:03]} Nxg3 {[%emt 0:00:01]} 12. hxg3 {[%emt 0:00:00]} Qxg3+ {[%emt 0:00:01]} 13. Kd2 {[%emt 0:00:00]} Qxf4+ {[%emt 0:00:01]} 14. Kc2 {[%emt 0:00:01]} Qh2+ {[%emt 0:00:01]} 15. Kb3 {[%emt 0:00:03]} Bxe5 {[%emt 0:00:02]} 16. dxe5 {[%emt 0:00:01]} Qxe5 {[%emt 0:00:02]} 17. Nd2 {[%emt 0:00:00]} Nc6 {[%emt 0:00:01]} 18. Kc2 {[%emt 0:00:00]} Bf5 {[%emt 0:00:02]} 19. Bxf5 {[%emt 0:00:01]} Qxf5+ {[%emt 0:00:01]} 20. Kb3 {[%emt 0:00:00]} Na5+ {[%emt 0:00:01] Stefanone abbandona Stefanone abbandona Stefanone abbandona (Lag: Av=0.58s, max=0.8s) (Lag: Av=0.58s, max=0.8s) (Lag: Av=0.58s, max=0.8s)} 0-1

[Event "Stay Safe Play From Home 391"]
[Site "Emanuel Lasker Arena"]
[Date "2020.08.18"]
[Round "7"]
[White "Fat Kevin"]
[Black "TheCHESSHOUSE"]
[Result "0-1"]
[WhiteElo "1927"]
[BlackElo "1946"]
[PlyCount "128"]
[EventDate "2020.08.18"]
[EventType "swiss (blitz)"]

1. d4 {[%emt 0:00:01]} Nf6 {[%emt 0:00:01]} 2. c4 {[%emt 0:00:00]} g6 {[%emt 0:00:00]} 3. Nc3 {[%emt 0:00:00]} Bg7 {[%emt 0:00:00]} 4. e4 {[%emt 0:00:00]} d6 {[%emt 0:00:00]} 5. f4 {[%emt 0:00:02]} O-O {[%emt 0:00:00]} 6. e5 {[%emt 0:00:00]} Ne8 {[%emt 0:00:01]} 7. Nf3 {[%emt 0:00:01]} c5 {[%emt 0:00:00]} 8. h3 {[%emt 0:00:01]} cxd4 {[%emt 0:00:01]} 9. Qxd4 {[%emt 0:00:00]} Nc6 {[%emt 0:00:01]} 10. Qd5 {[%emt 0:00:01]} Be6 {[%emt 0:00:01]} 11. Qd3 {[%emt 0:00:01]} dxe5 {[%emt 0:00:00]} 12. Nxe5 {[%emt 0:00:03]} Nxe5 {[%emt 0:00:02]} 13. Qxd8 {[%emt 0:00:01]} Rxd8 {[%emt 0:00:02]} 14. fxe5 {[%emt 0:00:00]} Bxe5 {[%emt 0:00:01]} 15. Bh6 {[%emt 0:00:02]} Bg7 {[%emt 0:00:01]} 16. Bg5 {[%emt 0:00:02]} Nf6 {[%emt 0:00:02]} 17. Be2 {[%emt 0:00:02]} h6 {[%emt 0:00:01]} 18. Be3 {[%emt 0:00:02]} a6 {[%emt 0:00:04]} 19. Bf3 {[%emt 0:00:02]} Rd3 {[%emt 0:00:04]} 20. Ke2 {[%emt 0:00:03]} Bxc4 {[%emt 0:00:01]} 21. b3 {[%emt 0:00:01]} Rxc3+ {[%emt 0:00:04]} 22. bxc4 {[%emt 0:00:00]} Rxc4 {[%emt 0:00:01]} 23. Bxb7 {[%emt 0:00:01]} Ne4 {[%emt 0:00:03]} 24. Bxa6 {[%emt 0:00:02]} Ra4 {[%emt 0:00:04]} 25. Bb5 {[%emt 0:00:02]} Nc3+ {[%emt 0:00:02]} 26. Kd3 {[%emt 0:00:02]} Nxb5 {[%emt 0:00:00]} 27. Rab1 {[%emt 0:00:01]} Nd6 {[%emt 0:00:01]} 28. Bc5 {[%emt 0:00:01]} Rxa2 {[%emt 0:00:01]} 29. g4 {[%emt 0:00:02]} Rc8 {[%emt 0:00:01]} 30. Bb4 {[%emt 0:00:02]} g5 {[%emt 0:00:04]} 31. h4 {[%emt 0:00:01]} Bf6 {[%emt 0:00:01]} 32. hxg5 {[%emt 0:00:01]} Bxg5 {[%emt 0:00:00]} 33. Rbe1 {[%emt 0:00:02]} Rb2 {[%emt 0:00:02]} 34. Bc3 {[%emt 0:00:01]} Rb3 {[%emt 0:00:01]} 35. Rc1 {[%emt 0:00:02]} Bf6 {[%emt 0:00:00]} 36. Ke2 {[%emt 0:00:03]} Rbxc3 {[%emt 0:00:01]} 37. Rb1 {[%emt 0:00:01]} Rc1 {[%emt 0:00:01]} 38. Rhxc1 {[%emt 0:00:02]} Rxc1 {[%emt 0:00:00]} 39. Rxc1 {[%emt 0:00:00]} Kg7 {[%emt 0:00:00]} 40. Ra1 {[%emt 0:00:01]} Bg5 {[%emt 0:00:00]} 41. Ra7 {[%emt 0:00:00]} Ne4 {[%emt 0:00:00]} 42. Kf3 {[%emt 0:00:01]} Nd6 {[%emt 0:00:00]} 43. Ra5 {[%emt 0:00:01]} Bf6 {[%emt 0:00:01]} 44. Ra6 {[%emt 0:00:00]} Kg6 {[%emt 0:00:00]} 45. Kf4 {[%emt 0:00:01]} Nc4 {[%emt 0:00:00]} 46. Kg3 {[%emt 0:00:01]} Nd2 {[%emt 0:00:00]} 47. Ra7 {[%emt 0:00:00]} Ne4+ {[%emt 0:00:01]} 48. Kh3 {[%emt 0:00:00]} Nd6 {[%emt 0:00:00]} 49. Ra4 {[%emt 0:00:01]} Ne4 {[%emt 0:00:00]} 50. Ra6 {[%emt 0:00:00]} Ng5+ {[%emt 0:00:00]} 51. Kh4 {[%emt 0:00:01]} e6 {[%emt 0:00:00]} 52. Kg3 {[%emt 0:00:00]} Ne4+ {[%emt 0:00:01]} 53. Kf3 {[%emt 0:00:01]} Nc5 {[%emt 0:00:00]} 54. g5 {[%emt 0:00:00]} Nd7 {[%emt 0:00:00]} 55. gxf6 {[%emt 0:00:01]} Kxf6 {[%emt 0:00:00]} 56. Ra7 {[%emt 0:00:00]} Ne5+ {[%emt 0:00:01]} 57. Ke2 {[%emt 0:00:01]} Ng6 {[%emt 0:00:00]} 58. Kf2 {[%emt 0:00:00]} h5 {[%emt 0:00:00]} 59. Ra4 {[%emt 0:00:00]} Ne5 {[%emt 0:00:00]} 60. Rh4 {[%emt 0:00:00]} Kg6 {[%emt 0:00:00]} 61. Rf4 {[%emt 0:00:00]} f5 {[%emt 0:00:01]} 62. Rf3 {[%emt 0:00:00]} Ng4+ {[%emt 0:00:00]} 63. Kg2 {[%emt 0:00:02]} h4 {[%emt 0:00:00]} 64. Rg3 {[%emt 0:00:00]} Kg5 {[%emt 0:00:00] Zeit Zeit Zeit (Lag: Av=0.89s, max=7.3s) (Lag: Av=0.89s, max=7.3s) (Lag: Av=0.89s, max=7.3s)} 0-1

[Event "Stay Safe Play From Home 391"]
[Site "Emanuel Lasker Arena"]
[Date "2020.08.18"]
[Round "7"]
[White "Myopix"]
[Black "Haris kollari 13"]
[Result "1-0"]
[WhiteElo "1744"]
[BlackElo "1742"]
[Annotator "NA"]
[PlyCount "57"]
[EventDate "2020.08.18"]
[EventType "swiss (blitz)"]

1. e4 {[%emt 0:00:02]} e5 {[%emt 0:00:01]} 2. Nf3 {[%emt 0:00:01]} d6 {[%emt 0:00:01]} 3. d4 {[%emt 0:00:01]} exd4 {[%emt 0:00:01]} 4. Nxd4 {[%emt 0:00:01]} c5 {[%emt 0:00:01]} 5. Nf5 {[%emt 0:00:02]} Nc6 {[%emt 0:00:01]} 6. Nc3 {[%emt 0:00:01]} Bxf5 {[%emt 0:00:01]} 7. exf5 {[%emt 0:00:01]} Be7 {[%emt 0:00:01]} 8. Qe2 {[%emt 0:00:03]} Nf6 {[%emt 0:00:01]} 9. Bg5 {[%emt 0:00:02]} O-O {[%emt 0:00:01]} 10. g3 {[%emt 0:00:03]} Nd4 {[%emt 0:00:02]} 11. Qd3 {[%emt 0:00:02]} Re8 {[%emt 0:00:01]} 12. Be2 {[%emt 0:00:02]} h6 {[%emt 0:00:01]} 13. Bf4 {[%emt 0:00:02]} Qd7 {[%emt 0:00:03]} 14. O-O {[%emt 0:00:02]} a6 {[%emt 0:00:05]} 15. Rfe1 {[%emt 0:00:02]} b5 {[%emt 0:00:01]} 16. a3 {[%emt 0:00:02]} Rab8 {[%emt 0:00:02]} 17. g4 {[%emt 0:00:02]} a5 {[%emt 0:00:02]} 18. h3 {[%emt 0:00:02]} b4 {[%emt 0:00:01]} 19. axb4 {[%emt 0:00:02]} axb4 {[%emt 0:00:01]} 20. Ne4 {[%emt 0:00:02]} Nd5 {[%emt 0:00:04]} 21. Bg3 {[%emt 0:00:02]} h5 {[%emt 0:00:04]} 22. Qc4 {[%emt 0:00:02]} hxg4 {[%emt 0:00:02]} 23. Qxd5 {[%emt 0:00:01]} gxh3 {[%emt 0:00:02]} 24. Nxc5 {[%emt 0:00:02]} Nxe2+ {[%emt 0:00:04]} 25. Rxe2 {[%emt 0:00:01]} Qb5 {[%emt 0:00:01]} 26. Rae1 {[%emt 0:00:02]} dxc5 {[%emt 0:00:07]} 27. Rxe7 {[%emt 0:00:01]} Rxe7 {[%emt 0:00:01]} 28. Rxe7 {[%emt 0:00:01]} Kf8 {[%emt 0:00:04]} 29. Qxf7# {[%emt 0:00:01] (Lag: Av=0.42s, max=1.1s) (Lag: Av=0.42s, max=1.1s) (Lag: Av=0.42s, max=1.1s)} 1-0

[Event "Stay Safe Play From Home 391"]
[Site "Emanuel Lasker Arena"]
[Date "2020.08.18"]
[Round "7"]
[White "Kohalung"]
[Black "Trotsky"]
[Result "0-1"]
[WhiteElo "1620"]
[BlackElo "1597"]
[Annotator "NA"]
[PlyCount "26"]
[EventDate "2020.08.18"]
[EventType "swiss (blitz)"]

1. e4 {[%emt 0:00:03]} c5 {[%emt 0:00:01]} 2. Nf3 {[%emt 0:00:05]} e6 {[%emt 0:00:01]} 3. d4 {[%emt 0:00:03]} d5 {[%emt 0:00:01]} 4. exd5 {[%emt 0:00:04]} exd5 {[%emt 0:00:01]} 5. Bb5+ {[%emt 0:00:05]} Nc6 {[%emt 0:00:02]} 6. O-O {[%emt 0:00:06]} Be6 {[%emt 0:00:01]} 7. Re1 {[%emt 0:00:05]} Qc7 {[%emt 0:00:01]} 8. dxc5 {[%emt 0:00:04]} Bxc5 {[%emt 0:00:02]} 9. Nd4 {[%emt 0:00:07]} O-O-O {[%emt 0:00:03]} 10. Bxc6 {[%emt 0:00:05]} bxc6 {[%emt 0:00:01]} 11. Nxe6 {[%emt 0:00:03]} fxe6 {[%emt 0:00:01]} 12. Nd2 {[%emt 0:00:04]} h5 {[%emt 0:00:02]} 13. Nb3 {[%emt 0:00:05]} Bd6 {[%emt 0:00:02] Time Time Time (Lag: Av=0.81s, max=1.4s) (Lag: Av=0.81s, max=1.4s) (Lag: Av=0.81s, max=1.4s)} 0-1

[Event "Stay Safe Play From Home 391"]
[Site "Emanuel Lasker Arena"]
[Date "2020.08.18"]
[Round "8"]
[White "NTBT_DHS"]
[Black "Fischer_11"]
[Result "1-0"]
[WhiteElo "2519"]
[BlackElo "2029"]
[Annotator "NA"]
[PlyCount "113"]
[EventDate "2020.08.18"]
[EventType "swiss (blitz)"]

1. d4 {[%emt 0:00:01]} e5 {[%emt 0:00:01]} 2. Nc3 {[%emt 0:00:00]} exd4 {[%emt 0:00:01]} 3. Qxd4 {[%emt 0:00:00]} Nc6 {[%emt 0:00:03]} 4. Qe4+ {[%emt 0:00:00]} Qe7 {[%emt 0:00:01]} 5. Bg5 {[%emt 0:00:01]} Qxe4 {[%emt 0:00:04]} 6. Nxe4 {[%emt 0:00:00]} Be7 {[%emt 0:00:00]} 7. O-O-O {[%emt 0:00:01]} Bxg5+ {[%emt 0:00:01]} 8. Nxg5 {[%emt 0:00:00]} Nf6 {[%emt 0:00:00]} 9. f3 {[%emt 0:00:01]} O-O {[%emt 0:00:01]} 10. e4 {[%emt 0:00:01]} d6 {[%emt 0:00:01]} 11. h4 {[%emt 0:00:01]} h6 {[%emt 0:00:01]} 12. N5h3 {[%emt 0:00:00]} Be6 {[%emt 0:00:02]} 13. Nf4 {[%emt 0:00:01]} Rfe8 {[%emt 0:00:04]} 14. Nxe6 {[%emt 0:00:01]} fxe6 {[%emt 0:00:02]} 15. Bc4 {[%emt 0:00:00]} Rad8 {[%emt 0:00:03]} 16. Ne2 {[%emt 0:00:01]} d5 {[%emt 0:00:04]} 17. exd5 {[%emt 0:00:02]} exd5 {[%emt 0:00:00]} 18. Bb5 {[%emt 0:00:00]} a6 {[%emt 0:00:01]} 19. Bxc6 {[%emt 0:00:01]} bxc6 {[%emt 0:00:00]} 20. Nd4 {[%emt 0:00:01]} c5 {[%emt 0:00:02]} 21. Nb3 {[%emt 0:00:01]} c4 {[%emt 0:00:01]} 22. Nd4 {[%emt 0:00:00]} c5 {[%emt 0:00:01]} 23. Nf5 {[%emt 0:00:01]} d4 {[%emt 0:00:01]} 24. Rhe1 {[%emt 0:00:01]} Nd5 {[%emt 0:00:01]} 25. c3 {[%emt 0:00:04]} Rxe1 {[%emt 0:00:03]} 26. Rxe1 {[%emt 0:00:00]} dxc3 {[%emt 0:00:00]} 27. Rd1 {[%emt 0:00:03]} cxb2+ {[%emt 0:00:01]} 28. Kxb2 {[%emt 0:00:00]} c3+ {[%emt 0:00:00]} 29. Kc1 {[%emt 0:00:01]} Rd7 {[%emt 0:00:08]} 30. Rxd5 {[%emt 0:00:01]} Rxd5 {[%emt 0:00:01]} 31. Ne7+ {[%emt 0:00:00]} Kf7 {[%emt 0:00:01]} 32. Nxd5 {[%emt 0:00:00]} Ke6 {[%emt 0:00:00]} 33. Nxc3 {[%emt 0:00:00]} Kf5 {[%emt 0:00:00]} 34. Ne4 {[%emt 0:00:00]} Kf4 {[%emt 0:00:00]} 35. Nxc5 {[%emt 0:00:01]} Kg3 {[%emt 0:00:01]} 36. Ne6 {[%emt 0:00:00]} Kxh4 {[%emt 0:00:00]} 37. Nxg7 {[%emt 0:00:01]} Kg3 {[%emt 0:00:00]} 38. Nf5+ {[%emt 0:00:00]} Kxg2 {[%emt 0:00:00]} 39. Nxh6 {[%emt 0:00:00]} Kxf3 {[%emt 0:00:00]} 40. Kc2 {[%emt 0:00:01]} Ke4 {[%emt 0:00:00]} 41. Kc3 {[%emt 0:00:00]} Kd5 {[%emt 0:00:00]} 42. Kb4 {[%emt 0:00:00]} Kc6 {[%emt 0:00:00]} 43. Ka5 {[%emt 0:00:00]} Kb7 {[%emt 0:00:01]} 44. Nf5 {[%emt 0:00:00]} Ka8 {[%emt 0:00:00]} 45. Ne3 {[%emt 0:00:00]} Kb8 {[%emt 0:00:00]} 46. Nc2 {[%emt 0:00:00]} Ka8 {[%emt 0:00:01]} 47. Nb4 {[%emt 0:00:00]} Kb7 {[%emt 0:00:00]} 48. Nxa6 {[%emt 0:00:00]} Ka8 {[%emt 0:00:00]} 49. Kb5 {[%emt 0:00:00]} Ka7 {[%emt 0:00:00]} 50. a4 {[%emt 0:00:00]} Ka8 {[%emt 0:00:00]} 51. a5 {[%emt 0:00:00]} Ka7 {[%emt 0:00:00]} 52. Nc5 {[%emt 0:00:01]} Ka8 {[%emt 0:00:00]} 53. Kb6 {[%emt 0:00:00]} Kb8 {[%emt 0:00:00]} 54. a6 {[%emt 0:00:00]} Ka8 {[%emt 0:00:00]} 55. Ne6 {[%emt 0:00:00]} Kb8 {[%emt 0:00:00]} 56. a7+ {[%emt 0:00:00]} Ka8 {[%emt 0:00:00]} 57. Nc7# {[%emt 0:00:00] (Lag: Av=0.80s, max=1.8s) (Lag: Av=0.80s, max=1.8s) (Lag: Av=0.80s, max=1.8s)} 1-0

[Event "Stay Safe Play From Home 391"]
[Site "Emanuel Lasker Arena"]
[Date "2020.08.18"]
[Round "8"]
[White "Tran Minh Thang"]
[Black "Padmaesh M K"]
[Result "1-0"]
[WhiteElo "2451"]
[BlackElo "1971"]
[PlyCount "55"]
[EventDate "2020.08.18"]
[EventType "swiss (blitz)"]

1. d4 {[%emt 0:00:01]} d5 {[%emt 0:00:02]} 2. Bf4 {[%emt 0:00:02]} Nf6 {[%emt 0:00:01]} 3. e3 {[%emt 0:00:00]} Bf5 {[%emt 0:00:00]} 4. c4 {[%emt 0:00:01]} e6 {[%emt 0:00:01]} 5. Nc3 {[%emt 0:00:01]} Bb4 {[%emt 0:00:01]} 6. Qb3 {[%emt 0:00:01]} Bxc3+ {[%emt 0:00:06]} 7. bxc3 {[%emt 0:00:00]} b6 {[%emt 0:00:02]} 8. cxd5 {[%emt 0:00:01]} Nxd5 {[%emt 0:00:03]} 9. Bg3 {[%emt 0:00:00]} O-O {[%emt 0:00:03]} 10. Nf3 {[%emt 0:00:00]} Qe7 {[%emt 0:00:01]} 11. Be2 {[%emt 0:00:02]} Nd7 {[%emt 0:00:02]} 12. O-O {[%emt 0:00:00]} c5 {[%emt 0:00:01]} 13. Nd2 {[%emt 0:00:01]} Rac8 {[%emt 0:00:02]} 14. e4 {[%emt 0:00:01]} cxd4 {[%emt 0:00:03]} 15. cxd4 {[%emt 0:00:02]} Nc3 {[%emt 0:00:01]} 16. Bd3 {[%emt 0:00:01]} Bg6 {[%emt 0:00:02]} 17. Rfc1 {[%emt 0:00:01]} Qg5 {[%emt 0:00:12]} 18. Nf3 {[%emt 0:00:22]} Qf6 {[%emt 0:00:02]} 19. Rxc3 {[%emt 0:00:01]} Rfd8 {[%emt 0:00:05]} 20. Rac1 {[%emt 0:00:01]} Nc5 {[%emt 0:00:02]} 21. dxc5 {[%emt 0:00:01]} bxc5 {[%emt 0:00:00]} 22. Be5 {[%emt 0:00:01]} Qe7 {[%emt 0:00:03]} 23. Ba6 {[%emt 0:00:00]} Rc7 {[%emt 0:00:01]} 24. Bxc7 {[%emt 0:00:01]} Qd7 {[%emt 0:00:01]} 25. Rxc5 {[%emt 0:00:00]} Qxc7 {[%emt 0:00:00]} 26. Rxc7 {[%emt 0:00:01]} Rd5 {[%emt 0:00:00]} 27. Rc8+ {[%emt 0:00:00]} Rd8 {[%emt 0:00:01]} 28. Rxd8# {[%emt 0:00:00] (Lag: Av=0.66s, max=0.9s) (Lag: Av=0.66s, max=0.9s) (Lag: Av=0.66s, max=0.9s)} 1-0

[Event "Stay Safe Play From Home 391"]
[Site "Emanuel Lasker Arena"]
[Date "2020.08.18"]
[Round "8"]
[White "Mepe_Nika"]
[Black "Myopix"]
[Result "1-0"]
[WhiteElo "2421"]
[BlackElo "1760"]
[PlyCount "65"]
[EventDate "2020.08.18"]
[EventType "swiss (blitz)"]

1. d4 {[%emt 0:00:01]} Nf6 {[%emt 0:00:01]} 2. Bf4 {[%emt 0:00:00]} c5 {[%emt 0:00:01]} 3. e3 {[%emt 0:00:01]} d5 {[%emt 0:00:01]} 4. Nf3 {[%emt 0:00:01]} Nc6 {[%emt 0:00:01]} 5. Nbd2 {[%emt 0:00:00]} Qb6 {[%emt 0:00:01]} 6. dxc5 {[%emt 0:00:01]} Qxb2 {[%emt 0:00:04]} 7. Rb1 {[%emt 0:00:03]} Qc3 {[%emt 0:00:02]} 8. Bb5 {[%emt 0:00:01]} Bg4 {[%emt 0:00:03]} 9. O-O {[%emt 0:00:02]} Bd7 {[%emt 0:00:02]} 10. Nb3 {[%emt 0:00:02]} h6 {[%emt 0:00:03]} 11. Nfd4 {[%emt 0:00:04]} Qb4 {[%emt 0:00:02]} 12. Nxc6 {[%emt 0:00:06]} Qxb5 {[%emt 0:00:01]} 13. Nbd4 {[%emt 0:00:01]} Qxc5 {[%emt 0:00:01]} 14. Ne5 {[%emt 0:00:04]} g5 {[%emt 0:00:03]} 15. Bg3 {[%emt 0:00:01]} Qc7 {[%emt 0:00:02]} 16. Nxf7 {[%emt 0:00:03]} e5 {[%emt 0:00:03]} 17. Bxe5 {[%emt 0:00:03]} Qc5 {[%emt 0:00:02]} 18. Nxh8 {[%emt 0:00:01]} Qe7 {[%emt 0:00:01]} 19. Ng6 {[%emt 0:00:01]} Qg7 {[%emt 0:00:02]} 20. Nxf8 {[%emt 0:00:01]} Qxf8 {[%emt 0:00:02]} 21. Rxb7 {[%emt 0:00:02]} Bc8 {[%emt 0:00:02]} 22. Rc7 {[%emt 0:00:02]} Ba6 {[%emt 0:00:02]} 23. Bxf6 {[%emt 0:00:01]} Qxf6 {[%emt 0:00:01]} 24. Qh5+ {[%emt 0:00:01]} Kd8 {[%emt 0:00:01]} 25. Rf7 {[%emt 0:00:02]} Qd6 {[%emt 0:00:01]} 26. Rb1 {[%emt 0:00:02]} Bc4 {[%emt 0:00:01]} 27. Nf5 {[%emt 0:00:01]} Qc6 {[%emt 0:00:01]} 28. Rf8+ {[%emt 0:00:01]} Kc7 {[%emt 0:00:01]} 29. Qf7+ {[%emt 0:00:01]} Qd7 {[%emt 0:00:01]} 30. Qxd7+ {[%emt 0:00:01]} Kxd7 {[%emt 0:00:01]} 31. Rxa8 {[%emt 0:00:00]} Bxa2 {[%emt 0:00:01]} 32. Ra1 {[%emt 0:00:02]} Bc4 {[%emt 0:00:01]} 33. R8xa7+ {[%emt 0:00:00] Myopix gibt auf Myopix gibt auf Myopix gibt auf (Lag: Av=0.36s, max=0.8s) (Lag: Av=0.36s, max=0.8s) (Lag: Av=0.36s, max=0.8s)} 1-0